№ 2 (94); Недропользование XXI век

Chi tiết về thư mục
Parent link:Недропользование XXI век: научно-технический журнал/ Национальная ассоциация по экспертизе недр. № 2 (94).— : [Б. и.], 2015-2017, 2019-
Tóm tắt:Режим доступа: по договору с организацией-держателем ресурса
Ngôn ngữ:Tiếng Nga
Được phát hành: 2022
Truy cập trực tuyến:https://elibrary.ru/contents.asp?id=48391036
Định dạng: MixedMaterials Điện tử Sách
KOHA link:https://koha.lib.tpu.ru/cgi-bin/koha/opac-detail.pl?biblionumber=587380

MARC

LEADER 00000nam2a2200000 4500
001 587380
005 20231101131443.0
035 |a (RuTPU)RU\TPU\prd\290020 
035 |a RU\TPU\prd\289795 
090 |a 587380 
100 |a 20220517a20069999k y0rusy50 ca 
101 0 |a rus 
102 |a RU 
181 0 |a i  
182 0 |a b 
200 0 |a № 2 (94)  |b Электронный ресурс 
203 |a Текст  |c электронный 
210 |d 2022 
333 |a Режим доступа: по договору с организацией-держателем ресурса 
461 1 |0 (RuTPU)RU\TPU\prd\279133  |t Недропользование XXI век  |o научно-технический журнал  |f Национальная ассоциация по экспертизе недр  |v № 2 (94)  |n [Б. и.]  |d 2015-2017, 2019- 
801 0 |a RU  |b 63413507  |c 20010227  |g PSBO 
801 1 |a RU  |b 63413507  |c 20160324 
801 2 |a RU  |b 63413507  |c 20220517  |g RCR 
856 4 0 |u https://elibrary.ru/contents.asp?id=48391036 
942 |c BK